000 00617nam a2200181Ia 4500
003 GCL
008 140319s9999 xx 000 0 ara d
040 _aGCL /
_cGCL
082 0 4 _a347.01
_bط م
100 1 _aطلبة وهبة خطاب
245 1 0 _aالمسئولية المدنية للمحامى : المحامى الفرد المحامى فى شركة المحاماة المدنية /
_cطلبة وهبة خطاب
260 _a[S.N] :
_bمكتبة سيد عبد الله وهبة ،
_c1986
300 _a348 ص
490 _a
650 0 4 _aالقانون
650 0 4 _aالمحامون
942 _2ddc
_cBK
999 _c38297
_d38297